Statistiques concernant Culture Générale - Série 1049

Cliquez ici pour prendre le quiz!

Statistiques générales

  • Ce quiz a été pris 105 fois
  • Le résultat moyen est 8 sur 10

Statistiques - réponses

QuestionRéponse% Correct
Quelque chose qui n'arrivera jamais se passera "Quand les poules auront ...des dents
99%
A quelle ville italienne le parmesan doit-il son nom ?Parme
98%
Par analogie, quel fruit oblong donne son nom à un sac-ceinture qui se porte sur le ventre ?banane
97%
Si votre médecin vous annonce que vous avez une tendinite, c'est donc que vous souffrez de l'inflammation d'un...tendon
95%
Quelle muqueuse buccale recouvre les os maxillaires et entoure la base des dents ?gencive
88%
Dans quel pays pourrez-vous visiter le temple-pyramide de Chichén Itzá ?Mexique
88%
En 1995, quel chanteur-comédien aux "yeux revolver" a épousé la princesse polonaise Sarah Poniatowski ?Marc Lavoine
73%
En 1981, de quel chant Serge Gainsbourg a-t-il acheté, pour 135 000 francs, un manuscrit original ?La Marseillaise
60%
Quel était le nom d'artiste de la légende du jazz : Edward Kennedy Ellington ?Duke Ellington
58%
C'est en 1974 que ce roman de Gaston Leroux est adapté à la télévision. Il s'agit de "Chéri-...Bibi
49%

Distribution des résultats

Percentile par nombre de réponses

% des personnes avec chaque résultat

Votre développement - résultats

Vous n’avez pas pris ce quiz